| 000 | 00707nam a2200229Ia 4500 | ||
|---|---|---|---|
| 001 | 1534 | ||
| 003 | GE_BSU | ||
| 008 | 181216s||||||||xx |||||||||||||| ||und|| | ||
| 020 | _a9785160042343 | ||
| 040 | _cGE_BSU | ||
| 080 | _a327(075.8) | ||
| 245 | _aМеждународные отношения: теории, конфликты,движения, организации | ||
| 245 | _bУч-к для высш. учебн. завед. | ||
| 245 | _cПод ред.П.А.Цыганкова | ||
| 260 | _aМосква | ||
| 260 | _bАльфа-М Инфра-М | ||
| 260 | _c2011 | ||
| 300 | _a336стр. | ||
| 541 | _h25л. | ||
| 653 | _aМеждународные отношения | ||
| 942 | _cBK | ||
| 999 |
_c35661 _d35661 |
||